000 00584nam a22002177a 4500
001 00028602
005 20260319154435.0
008 260319b ag ||||| |||| 00| 0 spa d
020 _a8148706889
040 _aAR-CcCEOS
_bspa
_cAR-CcCEOS
041 _aspa
080 _a860-3(81)
090 _bMIR
100 1 _aMiranda, Ana
_9934
245 _aBoca de Infierno /
_cAna Miranda
264 _aBuenos Aires :
_bSudamericana,
_cc1991.
300 _a331 p. ;
_c24x15 cm.
490 _vNovela histórica ; 46
655 0 _aliteratura brasilera
_9290
_vnovela
942 _2udc
_cBK
_n0
999 _c28632
_d28632